Čingischán & Mongolská říše : velká kniha : z asijských plání až k branám evropských měst /

Hlavní autor: Albert, Edoardo, 1963-
Další autoři: Barnes-Brown, Alice, Al-Bustani, Hareth, Ginger, Charles, Haskew, Michael E., Hoare, James, Horton, James, Man, John, 1941-, Reeves, Scott, 1979-, Smith, David, White, Frances, Wilson, Derek A., 1935-, Wright, Steve, Kačer, Jindřich, 1977-, Guryča, Richard
Jazyk: Čeština
Vydáno: Brno : Extra Publishing, 2025
Vydání: Vydání první
Edice: Živá historie (Extra Publishing)
Témata:
Fyzický popis: 144 stran : ilustrace (převážně barevné), mapy, portréty, faksimile ; 30 cm
Knihy
Uloženo v:
LEADER 03764cam a2200865 i 4500
001 nkc20253687980
003 CZ PrNK
005 20250925094125.0
007 ta
008 200310s2025 xr abche f 000 0dcze d
015 |a cnb003687980 
020 |a 978-80-7525-708-6  |q (brožováno) :  |c Kč 299,00 
035 |a (OCoLC)1544835754 
040 |a KAG503  |b cze  |d OSA001  |d BOA001  |d ABA001  |e rda 
041 1 |a cze  |h eng 
043 |a a-mp--- 
045 |a p-r- 
072 7 |a 94(510/519)  |x Dějiny Číny, Mongolska a Koreje  |2 Konspekt  |9 8 
080 |a 929.731  |2 MRF 
080 |a 355.081  |2 MRF 
080 |a 94(517.3)  |2 MRF 
080 |a (517.3)  |2 MRF 
080 |a (0.062)  |2 MRF 
080 |a (084.11)  |2 MRF 
100 1 |a Albert, Edoardo,  |d 1963-  |7 pna20211114001  |4 aut 
240 1 0 |a Genghis Khan and the Mongol Empire.  |l Česky 
245 1 0 |a Čingischán & Mongolská říše :  |b velká kniha : z asijských plání až k branám evropských měst /  |c autoři: Edoardo Albert, Alice Barnes-Brown, Hareth Al-Bustani, Charles Ginger, Michael E. Haskew, James Hoare, James Horton, John Man, Scott Reeves, David Smith, Frances White, Derek Wilson, Steve Wright ; překlad a redakce: Jindřich Kačer, Richard Guryča 
246 1 8 |a Velká kniha - Čingischán & Mongolská říše 
250 |a Vydání první 
264 1 |a Brno :  |b Extra Publishing,  |c 2025 
300 |a 144 stran :  |b ilustrace (převážně barevné), mapy, portréty, faksimile ;  |c 30 cm 
336 |a text  |b txt  |2 rdacontent 
336 |a statický obraz  |b sti  |2 rdacontent 
337 |a bez média  |b n  |2 rdamedia 
338 |a svazek  |b nc  |2 rdacarrier 
490 1 |a Živá historie,  |x 1803-3326 
500 |a Přeloženo z angličtiny 
500 |a Název z obálky 
500 |a Chronologický přehled 
600 0 7 |a Čingischán,  |d asi 1161-1227  |7 jn20010525146  |2 czenas 
600 0 9 |a Genghis Khan,  |d 1162-1227  |2 eczenas 
648 7 |a 12.-13. století  |7 ch757064  |2 czenas 
648 7 |a 13.-14. století  |7 ch757054  |2 czenas 
650 0 7 |a panovníci  |7 ph117250  |z Mongolsko  |y 12.-13. století  |2 czenas 
650 0 7 |a vojevůdci  |7 ph127216  |z Mongolsko  |y 12.-13. století  |2 czenas 
650 0 9 |a kings and rulers  |z Mongolia  |y 12th-13th centuries  |2 eczenas 
650 0 9 |a military leaders  |z Mongolia  |y 12th-13th centuries  |2 eczenas 
651 7 |a Mongolsko  |7 ge130064  |x dějiny  |y 13.-14. století  |2 czenas 
651 9 |a Mongolia  |x history  |y 13th-14th centuries  |2 eczenas 
655 7 |a populárně-naučné publikace  |7 fd131864  |2 czenas 
655 7 |a obrazové publikace  |7 fd132947  |2 czenas 
655 9 |a popular works  |2 eczenas 
655 9 |a pictorial works  |2 eczenas 
700 1 |a Barnes-Brown, Alice  |7 pna20221150052  |4 aut 
700 1 |a Al-Bustani, Hareth  |7 pna20221171726  |4 aut 
700 1 |a Ginger, Charles  |7 xx0270153  |4 aut 
700 1 |a Haskew, Michael E.  |7 mzk2007395092  |4 aut 
700 1 |a Hoare, James  |7 jo20251273408  |4 aut 
700 1 |a Horton, James  |4 aut 
700 1 |a Man, John,  |d 1941-  |7 jn20020722247  |4 aut 
700 1 |a Reeves, Scott,  |d 1979-  |7 jo20251273405  |4 aut 
700 1 |a Smith, David  |7 utb2013748572  |4 aut 
700 1 |a White, Frances  |7 xx0329383  |4 aut 
700 1 |a Wilson, Derek A.,  |d 1935-  |7 jx20091105019  |4 aut 
700 1 |a Wright, Steve  |7 ola20221143997  |4 aut 
700 1 |a Kačer, Jindřich,  |d 1977-  |7 mzk20201066020  |4 edt  |4 trl 
700 1 |a Guryča, Richard  |7 av20221149961  |4 edt  |4 trl 
830 0 |a Živá historie (Extra Publishing)  |0 s 
910 2 |a BOA001  |b 4-1549.122 
920 |a 006617550  |z OSA001 
990 |a BK 
995 |a 01 
991 |b 202509  |c NOV 
996 6 |b 2611010964  |c 4-1549.122  |l MZK  |r Sklad / do 1 hodiny  |n 0  |p p.v.  |w 002016095  |u 000010  |a 1  |e BOA001  |j MZK50  |s P 
996 7 |b 2611010965  |c 4-1549.122  |l MZK  |r Sklad / do 1 hodiny  |n 1  |p p.v.  |w 002016095  |u 000020  |a 1  |e BOA001  |j MZK50  |s A